000
00305nam a22001457a 4500
003
SGT
082
_a
343.7,QUR
100
_a
QURESHI,A.H
245
_a
INTERNATIONAL ECONOMIC LAW
250
_a
3RD
260
_a
LONDAN
_b
SWEET & MAXWELL
_c
2011
300
_a
682
650
_a
ECONOMIC LAW
942
_2
ddc
_c
BK
999
_c
9573
_d
9573